000 00421nam a2200181Ia 4500
001 16685
005 20260306170328.0
008 260306t2012||||xx |||||||||||||| ||und||
041 _aESP
082 _a349.1
_bK94
100 _aWolfgang, Kunkel
_eAUT
245 0 _aHistoria del derecho romano
260 _c2012
300 _a251 páginas :
_c23 cm.
650 _aGEN
654 _aCDE
942 _cLIB
_dJUS
_fJUS
_2ddc
_n
999 _c16685
_d16685